000 00989cab a2200253 4500
001 WB3105-05
008 090401t1995 xxu||||| |||| 00| 0 eng d
035 _a(Sirsi) u18919
041 _aeng
100 _aLondon, S.
245 _aInvesting all over the shop
260 _c1995
350 _a0
490 _aFinancial Times
_v3 February 1995, 10(2)
520 _aDespite the varying performance of investment property in other sectors, retail space is proving very popular with investors, with good prices and low yields available and several major new shopping centre developments fully funded. Graph.
650 _aINSTITUTIONAL INVESTMENT
650 _aINVESTMENT MARKET
650 _aPROPERTY-COMMERCIAL PROPERTY-RETAIL PROPERTY-RETAIL PROPERTY MARKET
650 _aSHOPPING CENTRES
690 _aPROPERTY-COMMERCIAL PROPERTY-COMMERCIAL PROPERTY FINANCE AND INVESTMENT
690 _aPROPERTY-COMMERCIAL PROPERTY-RETAIL PROPERTY
942 _n0
948 _c04/03/1997
999 _c12583
_d12583